00832nam a2200265 i 4500001000300000100003400003245005500037250001400092260005100106300002600157490002400183650003300207700001500240830002400255020001500279040000800294041000800302080001400310920001800324942000700342008004100349999001700390856009800407952006100505bg1 aDICKENS, Charlesd(1812-1870)10aOliver Twist /cCharles Dickens ; notes Shay Daly. a3rd impr. aHarlow :bLongman :bPearson Education,c2001. aIII, 542 s. ;c21 cm.1 aNew Century Readers 9aPowieść angielskay19 w.1 aDALY, Shay aNew Century Readers a0582429447 cBPK0 aeng a821.111-3 a0-582-42944-7 cKS s pl f |000 0 pol  c52045d52045 uhttp://koha.tu.koszalin.pl/cgi-bin/koha/opac-detail.pl?biblionumber=52045yKatalog online BPK 00104070aBPKbBPKcwo79711p02323305s2015-10-06yKS